00537nam a2200169Ia 450000500170000000800410001708200130005810000130007124500760008426000430016030000170020365000210022065000100024194200060025195200950025799900150035220240828070014.0240331s9999 xx 000 0 und d bHALa800 aHalpe, A 0aSigiri Poems :bTranslations of Sinhala poems of the 6th-10th centuries aPeradeniyabPeradeniya prakasanac1995 axii, 25 p ., aSinhala Language aPoems cL 001040708LaWERCLbWERCLcSSCd2024-03-31l0o 800 HALp5074r2024-03-31w2024-03-31yL c3104d3104